000 00438nam a22001697a 4500
003 NUST - PNEC
005 20170116180851.0
008 150825b xxu||||| |||| 00| 0 eng d
020 _a080946179x
040 _cLIBRARY
082 _a613.71 TIM
100 _95698
_aTime-Life Books
245 _aQuick workouts : fitness anytime, anywhere.
_cTime-Life Books
260 _cc 1987
650 _95700
_aExercise
_xGernal
942 _2ddc
_cBK
999 _c64611
_d64611